[Event "Cherkessk"]
[Site "Cherkessk"]
[Date "2007.05.??"]
[Round "7"]
[White "Zakharov, Ivan"]
[Black "Erendzhenov, Stanislav"]
[Result "1-0"]
[WhiteElo "2157"]
[BlackElo "2387"]
[PlyCount "32"]
[EventDate "2007.05.17"]
[EventType "swiss"]
[EventRounds "11"]
[EventCountry "RUS"]
[EventCategory "1"]
[SourceTitle "EXT 2008"]
[Source "ChessBase"]
[SourceDate "2007.11.25"]
[SourceVersion "1"]
[SourceVersionDate "2007.11.25"]
[SourceQuality "1"]

1. c4 c5 2. Nc3 Nf6 3. e4 Nc6 4. d3 e6 5. Nf3 Be7 6. Be2 d6 7. 0-0 a6 8. h3 b5 9. b3 Rb8 10. Be3 e5 11. Nd5 Na7 12. Nh2 0-0 13. f4 Nxd5 14. exd5 Bf6 15. Rc1 Nc6 16. dxc6 Qc7 1-0

[Event "Cherkessk"]
[Site "Cherkessk"]
[Date "2007.05.??"]
[Round "5"]
[White "Zakharov, Ivan"]
[Black "Grigoryan, Artur"]
[Result "0-1"]
[WhiteElo "2157"]
[BlackElo "2287"]
[PlyCount "96"]
[EventDate "2007.05.17"]
[EventType "swiss"]
[EventRounds "11"]
[EventCountry "RUS"]
[EventCategory "1"]
[SourceTitle "EXT 2008"]
[Source "ChessBase"]
[SourceDate "2007.11.25"]
[SourceVersion "1"]
[SourceVersionDate "2007.11.25"]
[SourceQuality "1"]

1. c4 Nf6 2. Nc3 g6 3. e4 d6 4. d3 Bg7 5. h3 0-0 6. g3 Nc6 7. Bg2 e5 8. Nge2 Be6 9. 0-0 Qd7 10. Kh2 Ne8 11. f4 f5 12. Nd5 Nd8 13. Rb1 c6 14. Ndc3 Nf6 15. Be3 fxe4 16. fxe5 dxe5 17. Nxe4 Nxe4 18. Rxf8+ Bxf8 19. dxe4 Qxd1 20. Rxd1 Bxc4 21. Nc1 Be6 22. b3 Nf7 23. Nd3 b6 24. Bc1 Rd8 25. Nf2 Rxd1 26. Nxd1 Bc5 27. Ne3 Kf8 28. Kg1 Ke7 29. Kf2 Nd6 30. Ke2 Nb5 31. Bd2 Nd4+ 32. Kd3 b5 33. Ng4 Kd6 34. Nf6 h5 35. Bg5 Bf7 36. Be3 a5 37. g4 a4 38. gxh5 gxh5 39. bxa4 bxa4 40. a3 Bxa3 41. Bxd4 exd4 42. Bf3 Ke5 43. Nd7+ Kd6 44. Nb6 Bb3 45. Bxh5 Kc5 46. Nd7+ Kb4 47. Nb6 Bb2 48. Nxa4 Bxa4 0-1

[Event "Cherkessk"]
[Site "Cherkessk"]
[Date "2007.05.??"]
[Round "3"]
[White "Zakharov, Ivan"]
[Black "Vastrukhin, Oleg"]
[Result "0-1"]
[WhiteElo "2157"]
[BlackElo "2191"]
[PlyCount "60"]
[EventDate "2007.05.17"]
[EventType "swiss"]
[EventRounds "11"]
[EventCountry "RUS"]
[EventCategory "1"]
[SourceTitle "EXT 2008"]
[Source "ChessBase"]
[SourceDate "2007.11.25"]
[SourceVersion "1"]
[SourceVersionDate "2007.11.25"]
[SourceQuality "1"]

1. c4 e5 2. Nc3 Nc6 3. e3 d6 4. g3 g6 5. Bg2 Bg7 6. d3 Nge7 7. h3 Be6 8. Nge2 Qd7 9. f4 0-0 10. e4 f5 11. Be3 fxe4 12. Nxe4 Rae8 13. Qd2 Nf5 14. Bf2 Nfd4 15. Nxd4 Nxd4 16. Bxd4 exd4 17. 0-0-0 b5 18. b3 bxc4 19. bxc4 Qa4 20. Qc2 Qa3+ 21. Kd2 Bf5 22. Rhe1 c6 23. Qb3 Qa5+ 24. Kc1 Rb8 25. Qc2 Qa3+ 26. Kd2 Rb2 27. Rc1 Rxc2+ 28. Rxc2 d5 29. Nf2 Qa5+ 30. Kd1 Rb8 0-1

[Event "Kimry"]
[Site "Kimry"]
[Date "2004.05.07"]
[Round "7"]
[White "Zakharov, Ivan"]
[Black "Ulianov, Sergey"]
[Result "1/2-1/2"]
[WhiteElo "2160"]
[BlackElo "2035"]
[PlyCount "105"]
[EventDate "2004.05.??"]
[EventType "tourn"]
[EventRounds "11"]
[EventCountry "RUS"]
[SourceTitle "EXT 2005"]
[Source "ChessBase"]
[SourceDate "2004.11.15"]
[SourceVersion "1"]
[SourceVersionDate "2004.11.15"]
[SourceQuality "1"]

1. e4 e5 2. d3 Nf6 3. Bd2 Bc5 4. Qe2 Nc6 5. Nf3 Ng4 6. Be3 Nxe3 7. fxe3 0-0 8. Nbd2 d6 9. Nb3 Bb6 10. c3 f5 11. exf5 Bxf5 12. e4 Bg4 13. h3 Bxf3 14. gxf3 Qh4+ 15. Kd1 Rf7 16. Bg2 Raf8 17. Rf1 a6 18. Kc2 Na5 19. Nd2 Qf6 20. a3 Nc6 21. Nc4 Bc5 22. b4 b5 23. bxc5 bxc4 24. cxd6 cxd3+ 25. Qxd3 Qxd6 26. Qxd6 cxd6 27. Rad1 Na5 28. Rb1 Rc8 29. Rfc1 Nc4 30. Kd3 d5 31. exd5 Rd7 32. f4 exf4 33. Rb4 Ne3 34. Bf3 Nxd5 35. Bxd5+ Rxd5+ 36. Rd4 Rh5 37. Rxf4 Rxh3+ 38. Kd4 Rd8+ 39. Kc5 h5 40. Kb6 g5 41. Rd4 Rxd4 42. cxd4 Rxa3 43. d5 h4 44. d6 Rd3 45. Kc7 g4 46. d7 h3 47. Rg1 h2 48. Rxg4+ Kf7 49. Rh4 Rc3+ 50. Kd6 Rd3+ 51. Kc7 Rc3+ 52. Kd6 Rd3+ 53. Kc7 1/2-1/2

[Event "Kimry op"]
[Site "Kimry"]
[Date "2003.??.??"]
[Round "2"]
[White "Gorshkov, Yuri"]
[Black "Zakharov, Ivan"]
[Result "1-0"]
[WhiteElo "2377"]
[BlackElo "2160"]
[PlyCount "37"]
[EventDate "2003.??.??"]
[EventType "swiss"]
[EventRounds "9"]
[EventCountry "RUS"]
[SourceTitle "EXT 2006"]
[Source "ChessBase"]
[SourceDate "2005.11.24"]
[SourceVersion "1"]
[SourceVersionDate "2005.11.24"]
[SourceQuality "1"]

1. d4 d5 2. c4 e6 3. Nc3 Nf6 4. Nf3 c6 5. e3 Nbd7 6. Bd3 dxc4 7. Bxc4 b5 8. Bd3 a6 9. e4 c5 10. e5 cxd4 11. Nxb5 Nxe5 12. Nxe5 axb5 13. 0-0 Qb6 14. Qe2 Rb8 15. Bg5 Nd5 16. Rac1 Bd7 17. Qh5 g6 18. Nxg6 hxg6 19. Qxh8 1-0

[Event "Kimry"]
[Site "Kimry"]
[Date "2003.??.??"]
[Round "5"]
[White "Sharkov, Kirill"]
[Black "Zakharov, Ivan"]
[Result "0-1"]
[WhiteElo "1942"]
[BlackElo "2160"]
[PlyCount "58"]
[EventDate "2003.??.??"]
[EventType "tourn"]
[EventRounds "11"]
[EventCountry "RUS"]
[SourceTitle "EXT 2006"]
[Source "ChessBase"]
[SourceDate "2005.11.24"]
[SourceVersion "1"]
[SourceVersionDate "2005.11.24"]
[SourceQuality "1"]

1. e4 e5 2. Nf3 Nc6 3. Bb5 a6 4. Ba4 Nf6 5. Nc3 b5 6. Bb3 Bc5 7. 0-0 0-0 8. d3 h6 9. Re1 d6 10. h3 Ne7 11. a3 Ng6 12. Be3 Bxe3 13. Rxe3 c6 14. Qd2 Nh5 15. Rae1 Ngf4 16. Ba2 Qf6 17. g4 Nxh3+ 18. Kh2 Bxg4 19. Ng1 N3f4 20. Nce2 Qh4+ 21. Nh3 Bxh3 22. Ng3 Bf1+ 23. Kg1 Qh3 24. f3 Nxg3 25. Qh2 Kh7 26. Rd1 Nfe2+ 27. Rxe2 Nxe2+ 28. Kh1 Qxf3+ 29. Qg2 Qxg2# 0-1

[Event "Kimry op"]
[Site "Kimry"]
[Date "2003.??.??"]
[Round "1"]
[White "Zakharov, Ivan"]
[Black "Kuryshkin, Anatoliy"]
[Result "1-0"]
[WhiteElo "2160"]
[BlackElo "1922"]
[PlyCount "113"]
[EventDate "2003.??.??"]
[EventType "swiss"]
[EventRounds "9"]
[EventCountry "RUS"]
[SourceTitle "EXT 2006"]
[Source "ChessBase"]
[SourceDate "2005.11.24"]
[SourceVersion "1"]
[SourceVersionDate "2005.11.24"]
[SourceQuality "1"]

1. e4 d6 2. d4 Nf6 3. f3 g6 4. c4 c6 5. Nc3 Bg7 6. Be3 a6 7. Bd3 b5 8. Qd2 Be6 9. b3 b4 10. Na4 a5 11. Rc1 Na6 12. d5 Bd7 13. Nb6 Rb8 14. dxc6 Bxc6 15. Nd5 e6 16. Nf4 Nc5 17. Nge2 a4 18. Bc2 0-0 19. h4 h5 20. Rd1 axb3 21. axb3 e5 22. Nh3 Nb7 23. Qxb4 Ne8 24. Nf2 Qa5 25. Qxa5 Nxa5 26. Rb1 f5 27. Nc3 Rf7 28. Nd3 Rfb7 29. b4 fxe4 30. fxe4 Nxc4 31. Bb3 d5 32. exd5 e4 33. dxc6 Bxc3+ 34. Kd1 Ned6 35. cxb7 Kg7 36. Bxc4 Nxc4 37. Nc5 Nxe3+ 38. Ke2 Nd5 39. Rhd1 Nf4+ 40. Ke3 Nxg2+ 41. Kxe4 Nxh4 42. Rd7+ Kf6 43. Na6 Re8+ 44. Kd3 Be5 45. Rc1 Ke6 46. Rh7 Rd8+ 47. Kc2 Nf5 48. Kb1 Ne7 49. b8Q Bxb8 50. Nxb8 Rxb8 51. Re1+ Kf5 52. Rexe7 Rxb4+ 53. Kc2 Kg4 54. Rhg7 Rb6 55. Re1 h4 56. Rg1+ Kh5 57. Rh7# 1-0

[Event "Kimry"]
[Site "Kimry"]
[Date "2003.??.??"]
[Round "7"]
[White "Zakharov, Ivan"]
[Black "Prizant, Julia"]
[Result "1-0"]
[WhiteElo "2160"]
[BlackElo "2035"]
[PlyCount "25"]
[EventDate "2003.??.??"]
[EventType "tourn"]
[EventRounds "11"]
[EventCountry "RUS"]
[SourceTitle "EXT 2006"]
[Source "ChessBase"]
[SourceDate "2005.11.24"]
[SourceVersion "1"]
[SourceVersionDate "2005.11.24"]
[SourceQuality "1"]

1. e4 e5 2. Nf3 Nc6 3. Bb5 Nf6 4. 0-0 a6 5. Bxc6 dxc6 6. Nxe5 Be7 7. d3 0-0 8. Nc3 Be6 9. f4 Qd4+ 10. Kh1 Rad8 11. Qe1 Nd7 12. Nf3 Qb6 13. f5 1-0

[Event "Kimry"]
[Site "Kimry"]
[Date "2003.??.??"]
[Round "2"]
[White "Zakharov, Ivan"]
[Black "Sorokin, Evgeniy"]
[Result "0-1"]
[WhiteElo "2160"]
[BlackElo "2167"]
[PlyCount "82"]
[EventDate "2003.??.??"]
[EventType "tourn"]
[EventRounds "11"]
[EventCountry "RUS"]
[SourceTitle "EXT 2006"]
[Source "ChessBase"]
[SourceDate "2005.11.24"]
[SourceVersion "1"]
[SourceVersionDate "2005.11.24"]
[SourceQuality "1"]

1. e4 c5 2. Nf3 Nc6 3. Bb5 g6 4. 0-0 Bg7 5. Nc3 d6 6. d3 Bd7 7. a4 Nf6 8. h3 0-0 9. Be3 e5 10. Ne1 Ne8 11. Qd2 Nc7 12. Bg5 f6 13. Bc4+ Be6 14. Bh6 Qd7 15. Bxg7 Kxg7 16. f4 Nd4 17. Bd5 Bxd5 18. exd5 Qf7 19. fxe5 dxe5 20. d6 Ne8 21. Ne4 Qd5 22. d7 Nd6 23. Rd1 b6 24. c3 Nc6 25. Nc2 Qe6 26. Qf2 Qxd7 27. Nxf6 Qe6 28. Qf3 Ne7 29. Nh5+ gxh5 30. Qxh5 Ng6 31. Rfe1 Rf5 32. Qg4 h5 33. Qg3 Qf6 34. Ne3 Rg5 35. Qh2 Qf4 36. Re2 Rf8 37. Qh1 Qxa4 38. Rde1 Nh4 39. Rf2 Rxf2 40. Kxf2 Qf4+ 41. Ke2 Ndf5 0-1